000 01961nam0a2200385 4500
001 RU\NLR\bibl\1189922
005 20260407091925.0
010 _a978-5-9238-0073-9
_9120
021 _aRU
_b2007-91968
_94970
035 _a(NLR Aleph) 001176481
090 _a1630245
_c1630245
100 _a20080218d2007 |||y0rusy50 ca
101 0 _arus
102 _aRU
105 _aa |||||||||
200 1 _aПроблемы деградации, охраны и восстановления продуктивности сельскохозяйственных земель России
_f[Романенко Г. А., Иванов А. Л., Ушачев И. Г. и др.
_gпод ред. акад. Россельхозакад. Г. А. Романенко]
_gМ-во сел. хоз-ва Рос. Федерации, Рос. акад. с.-х. наук
210 _aМосква
_cВНИИА
_d2007
215 _a75 с.
_cил.
_d29
300 _aАвт. указаны на обороте тит. л.
606 1 _aПочвы
_xЭрозия
_yРоссийская Федерация
_92244474
_3RU\NLR\auth\661346606
606 1 _aПочвы
_xПлодородие
_yРоссийская Федерация
_92513373
_3RU\NLR\auth\661489798
606 1 _aПочвы
_xОхрана
_yРоссийская Федерация
_92288916
_3RU\NLR\auth\661370932
686 _aП064(2Р)
686 _aП032.64(2Р)
686 _aП032.6(2Р)
701 1 _aРоманенко
_bГ. А.
_4070
701 1 _4070
_7ca
_8rus
_aИванов
_bА. Л.
_cд-р биол. наук, агрохимик
_f1956-
_gАндрей Леонидович
_918952
_3RU\NLR\AUTH\7735958
701 1 _aУшачев
_bИ. Г.
_4070
712 0 2 _4570
_aРоссийская академия сельскохозяйственных наук
_9308982
_3RU\NLR\AUTH\8817866
801 0 _aRU
_bNLR
_c20080218
_gRCR
801 1 _aRU
_bNLR
_c20080218
942 _cBOOK
980 _aNB